000 00495nmm a2200169Ia 4500
008 251105s9999||||xx |||||||||||||||||und||
020 _a9788413052243
041 _aspa
100 _aOrtiz Aguirre, Enrique
245 0 _aLa lengua española en 100 preguntas
264 _a[Madrid, España] :
_bEdiciones Nowtilus,
_c2022
300 _a352 páginas
490 _a100 Preguntas Esenciales
650 _aLinguistics
856 _uhttps://public.digitaliapublishing.com/a/171901
942 _cCF
999 _c76351
_d76351